[Event "FAI-chT3 1415"]
[Site "Faroe Islands"]
[Date "2014.11.08"]
[Round "3.2"]
[White "Joensen, Mikkjal"]
[Black "Thomsen, Heri"]
[Result "0-1"]
[WhiteElo "1147"]
[BlackElo "1247"]
[PlyCount "32"]
[EventDate "2014.10.26"]
[EventType "team-tourn"]
[EventRounds "7"]
[EventCountry "FAI"]
[SourceTitle "CBM 163 Extra"]
[Source "ChessBase"]
[SourceDate "2014.12.23"]
[SourceVersion "1"]
[SourceVersionDate "2014.12.23"]
[SourceQuality "1"]
[WhiteTeam "Rokur II"]
[BlackTeam "Gota"]
[WhiteTeamCountry "FAI"]
[BlackTeamCountry "FAI"]

1. e4 e5 2. Nf3 Nc6 3. c3 Bc5 4. d4 exd4 5. cxd4 Bb6 6. Nc3 a6 7. a3 d6 8. h3
Nf6 9. Be3 O-O 10. Bd3 Ne7 11. Bc2 Be6 12. Bg5 Ng6 13. g3 c6 14. e5 h6 15. Bxf6
gxf6 16. Qd2 Kg7 0-1

[Event "Novokuznetsk SFO-ch U15"]
[Site "Novokuznetsk"]
[Date "2014.11.07"]
[Round "6"]
[White "Khamraev, Kirill"]
[Black "Shastitko, Danil"]
[Result "0-1"]
[WhiteElo "1811"]
[BlackElo "1976"]
[PlyCount "94"]
[EventDate "2014.11.02"]
[EventType "swiss"]
[EventRounds "9"]
[EventCountry "RUS"]
[SourceTitle "CBM 163 Extra"]
[Source "ChessBase"]
[SourceDate "2014.12.23"]
[SourceVersion "1"]
[SourceVersionDate "2014.12.23"]
[SourceQuality "1"]

1. e4 e5 2. Nf3 Nc6 3. c3 d6 4. d4 Nf6 5. Bg5 Be7 6. d5 Nb8 7. Bxf6 Bxf6 8. Be2
O-O 9. O-O Bg5 10. Qc2 f5 11. exf5 Bxf5 12. Bd3 Bxd3 13. Qxd3 Nd7 14. Nxg5 Qxg5
15. Nd2 Nc5 16. Qe3 Qxe3 17. fxe3 Rxf1+ 18. Kxf1 Kf8 19. b3 Ke7 20. Ke2 Rf8 21.
e4 h6 22. Ke3 Nd7 23. h3 Rf6 24. Nf3 Rg6 25. g4 Rf6 26. Rf1 Nf8 27. Rg1 Nh7 28.
Rg3 Kf7 29. h4 g5 30. hxg5 hxg5 31. Rh3 Kg6 32. Nh2 Rf4 33. Rf3 Nf6 34. Rxf4
exf4+ 35. Kd3 Nd7 36. Nf3 Kf6 37. Kd4 c5+ 38. dxc6 bxc6 39. b4 Ne5 40. Nxe5
dxe5+ 41. Kd3 Ke6 42. c4 Kd6 43. a4 Kc7 44. c5 a5 45. bxa5 Kb7 46. Kc3 Ka6 47.
Kb3 Kxa5 0-1

[Event "FICS rated standard game"]
[Site "FICS freechess.org"]
[Date "2014.11.06"]
[Round "?"]
[White "kungzeb"]
[Black "GriffySr"]
[Result "0-1"]
[WhiteElo "2122"]
[BlackElo "2022"]
[PlyCount "46"]
[EventDate "2014.??.??"]
[SourceTitle "OM Portal C 201906"]
[Source "Opening Master"]
[SourceDate "2019.06.27"]
[SourceVersion "1"]
[SourceVersionDate "2019.06.27"]
[SourceQuality "1"]

1. e4 e5 2. Nf3 Nc6 3. c3 d5 4. exd5 Qxd5 5. d4 Bf5 6. Be3 exd4 7. Nxd4 O-O-O
8. Nd2 Nxd4 9. Bxd4 c5 10. Be3 Qe5 11. Be2 Nf6 12. Qa4 Nd5 13. Nf3 Qe7 14. Qxa7
Nxe3 15. fxe3 Qxe3 16. Qa8+ Kc7 17. Qa5+ b6 18. Qa7+ Kc6 19. Qa4+ Kb7 20. Qa6+
Kc6 21. b4 Bd3 22. b5+ Kd7 23. Rd1 Qxe2# 0-1

[Event "Novokuznetsk SFO-ch U17"]
[Site "Novokuznetsk"]
[Date "2014.11.05"]
[Round "4"]
[White "Zhambalov, Bator"]
[Black "Mazhitov, Danis"]
[Result "1-0"]
[WhiteElo "800"]
[BlackElo "1928"]
[PlyCount "135"]
[EventDate "2014.11.02"]
[EventType "swiss"]
[EventRounds "9"]
[EventCountry "RUS"]
[SourceTitle "CBM 163 Extra"]
[Source "ChessBase"]
[SourceDate "2014.12.23"]
[SourceVersion "1"]
[SourceVersionDate "2014.12.23"]
[SourceQuality "1"]

1. e4 e5 2. Nf3 Nc6 3. c3 Nf6 4. d3 d5 5. exd5 Nxd5 6. Be2 Bc5 7. b4 Bd6 8. b5
Nce7 9. c4 Bb4+ 10. Bd2 Bxd2+ 11. Qxd2 Nf4 12. O-O Bg4 13. Re1 Bxf3 14. Bxf3
Qxd3 15. Qxd3 Nxd3 16. Re3 O-O-O 17. Be2 Nf4 18. Bf3 Neg6 19. g3 Nd3 20. Be2
Nc5 21. Nc3 f5 22. Bf1 Rhf8 23. Nd5 Ne4 24. Nb4 Nd2 25. Be2 e4 26. Rd1 Ne5 27.
Nd5 Ndxc4 28. Rc3 Nb6 29. Ne7+ Kb8 30. Rxd8+ Rxd8 31. Nxf5 Rd2 32. Re3 Nf3+ 33.
Kh1 a5 34. bxa6 bxa6 35. Rxe4 Ng5 36. Re8+ Ka7 37. Nxg7 c5 38. h4 Nf7 39. Re7+
Rd7 40. Rxd7+ Nxd7 41. Ne6 Kb6 42. f4 Nd6 43. Bd3 Nf6 44. Kg2 c4 45. Bc2 Kc6
46. Kf3 a5 47. a4 Kd5 48. f5 c3 49. Bb3+ Ke5 50. g4 Nfe4 51. Bc2 Nd2+ 52. Ke2
N6e4 53. Ke3 Nc4+ 54. Kf3 Ncd2+ 55. Ke2 Nc4 56. Nf8 Na3 57. Kd3 Nc5+ 58. Kxc3
Nxc2 59. Kxc2 Nxa4 60. Nxh7 Nc5 61. f6 Ke6 62. g5 Nd7 63. g6 Ne5 64. h5 a4 65.
g7 Kf7 66. Ng5+ Kg8 67. h6 Ng6 68. h7# 1-0

[Event "Hamburg-ch Seniors 21st"]
[Site "Hamburg"]
[Date "2014.11.04"]
[Round "7"]
[White "Wagner, Wolfgang"]
[Black "Ludwig, Siegfried"]
[Result "1-0"]
[WhiteElo "1365"]
[BlackElo "1460"]
[PlyCount "99"]
[EventDate "2014.10.29"]
[EventType "swiss"]
[EventRounds "9"]
[EventCountry "GER"]
[SourceTitle "OM OTB B 201907"]
[Source "Opening Master"]
[SourceDate "2019.07.06"]
[SourceVersion "2"]
[SourceVersionDate "2019.07.06"]
[SourceQuality "1"]

1. e4 e5 2. Nf3 Nc6 3. c3 Nf6 4. d4 exd4 5. Nxd4 Nxe4 6. Nxc6 bxc6 7. Qe2 Bd6
8. Qxe4+ Qe7 9. Qxe7+ Bxe7 10. Bd3 O-O 11. O-O Bb7 12. Bf4 d6 13. Na3 g5 14.
Rae1 Bd8 15. Be3 f5 16. Bc1 d5 17. Nc2 c5 18. Ne3 f4 19. Ng4 h5 20. Nh6+ Kg7
21. Re6 Rf6 22. Nf5+ Kf7 23. Rxf6+ Bxf6 24. Re1 Rd8 25. h4 Re8 26. Rxe8 Kxe8
27. hxg5 Be5 28. g6 Bc8 29. Bb5+ Kf8 30. Nh4 a6 31. Bd3 Kg7 32. Be2 Bf6 33. Nf3
Kxg6 34. Bxf4 Kf5 35. Bxc7 Ke6 36. Nd2 Kf5 37. Bxh5 Bg5 38. g4+ Ke6 39. f4 Be7
40. g5 Kd7 41. Be5 Kd8 42. g6 Be6 43. g7 Bg8 44. f5 Kd7 45. Nf3 d4 46. cxd4 c4
47. Kf2 Bb4 48. f6 Ke6 49. Ng5+ Kf5 50. f7 1-0

[Event "Durres op"]
[Site "Durres"]
[Date "2014.11.04"]
[Round "5"]
[White "Drazic, Sinisa"]
[Black "Kuljasevic, Davorin"]
[Result "0-1"]
[WhiteElo "2429"]
[BlackElo "2554"]
[PlyCount "120"]
[EventDate "2014.11.01"]
[EventType "swiss"]
[EventRounds "9"]
[EventCountry "ALB"]
[SourceTitle "EXT 2015"]
[Source "ChessBase"]
[SourceDate "2014.11.20"]
[SourceVersion "1"]
[SourceVersionDate "2014.11.20"]
[SourceQuality "1"]

1. e4 e5 2. Nf3 Nc6 3. c3 Nf6 4. d4 exd4 5. e5 Nd5 6. cxd4 Bb4+ 7. Bd2 Bxd2+ 8.
Qxd2 d6 9. Nc3 dxe5 10. Nxe5 Nxe5 11. dxe5 Nxc3 12. Qxc3 Qd5 13. f3 O-O 14. Bc4
Qc6 15. O-O-O Be6 16. Bxe6 Qxe6 17. Kb1 c6 18. g3 Rad8 19. f4 Rd5 20. Rxd5 Qxd5
21. Re1 Rd8 22. f5 h5 23. f6 Qd2 24. Qc1 Qxc1+ 25. Kxc1 Re8 26. fxg7 Kxg7 27.
Kd2 Kg6 28. Re3 Re7 29. Kd3 Kf5 30. Kd4 Rd7+ 31. Kc3 Ke6 32. Re4 Rd5 33. Ra4 a6
34. Rb4 b5 35. Rh4 Rxe5 36. Kb4 c5+ 37. Ka5 Re2 38. Kxa6 Rxb2 39. a3 c4 40.
Rxh5 f5 41. Rh8 Ke5 42. h4 Rb3 43. h5 c3 44. Rc8 Kd4 45. a4 bxa4 46. h6 Rb1 47.
h7 Rh1 48. h8=Q+ Rxh8 49. Rxh8 a3 50. Rd8+ Ke3 51. Re8+ Kd2 52. Rd8+ Kc1 53.
Rd5 c2 54. Rxf5 a2 55. Ra5 Kb2 56. Rb5+ Kc3 57. Ra5 Kb3 58. Rb5+ Kc3 59. Ra5
c1=Q 60. Rxa2 Qf1+ 0-1

[Event "FICS rated standard game"]
[Site "FICS freechess.org"]
[Date "2014.11.04"]
[Round "?"]
[White "Ronnpower"]
[Black "GriffyJr"]
[Result "1-0"]
[WhiteElo "2515"]
[BlackElo "2021"]
[PlyCount "41"]
[EventDate "2014.??.??"]
[SourceTitle "OM Portal C 201906"]
[Source "Opening Master"]
[SourceDate "2019.06.27"]
[SourceVersion "1"]
[SourceVersionDate "2019.06.27"]
[SourceQuality "1"]

1. e4 e5 2. Nf3 Nc6 3. c3 Nge7 4. d4 Ng6 5. d5 Nce7 6. h4 d6 7. h5 Nf4 8. g3
Ne6 9. dxe6 Bxe6 10. Ng5 Qd7 11. Nxe6 fxe6 12. Bh3 Rg8 13. Qb3 Qc6 14. Nd2 d5
15. Nf3 d4 16. O-O Qxe4 17. cxd4 exd4 18. Bxe6 d3 19. Rd1 Qxf3 20. Rxd3 Qxh5
21. Bg5 1-0

[Event "Hamburg-ch Seniors 21st"]
[Site "Hamburg"]
[Date "2014.11.03"]
[Round "6"]
[White "Ziehm, Holger"]
[Black "Diehl, Walter"]
[Result "0-1"]
[WhiteElo "1490"]
[BlackElo "1824"]
[PlyCount "32"]
[EventDate "2014.10.29"]
[EventType "swiss"]
[EventRounds "9"]
[EventCountry "GER"]
[SourceTitle "OM OTB B 201907"]
[Source "Opening Master"]
[SourceDate "2019.07.06"]
[SourceVersion "2"]
[SourceVersionDate "2019.07.06"]
[SourceQuality "1"]

1. e4 e5 2. Nf3 Nc6 3. c3 Nf6 4. d4 Nxe4 5. d5 Bc5 6. Be3 Bxe3 7. fxe3 Nb8 8.
Qc2 Nf6 9. Bc4 d6 10. O-O O-O 11. Nbd2 Ng4 12. Rae1 f5 13. e4 f4 14. Qb3 Nd7
15. Qb4 Ne3 16. Rf2 Nc2 0-1

[Event "Novokuznetsk SFO-ch U17"]
[Site "Novokuznetsk"]
[Date "2014.11.03"]
[Round "2"]
[White "Mongush, Naadym"]
[Black "Fedin, Viktor"]
[Result "0-1"]
[WhiteElo "700"]
[BlackElo "1582"]
[PlyCount "68"]
[EventDate "2014.11.02"]
[EventType "swiss"]
[EventRounds "9"]
[EventCountry "RUS"]
[SourceTitle "CBM 163 Extra"]
[Source "ChessBase"]
[SourceDate "2014.12.23"]
[SourceVersion "1"]
[SourceVersionDate "2014.12.23"]
[SourceQuality "1"]

1. e4 e5 2. Nf3 Nc6 3. c3 Nf6 4. d3 Bc5 5. d4 exd4 6. cxd4 Bb4+ 7. Bd2 d5 8. e5
Bxd2+ 9. Qxd2 Ne4 10. Qf4 O-O 11. Nc3 Nb4 12. Qc1 c5 13. dxc5 Nxc5 14. Qd2 Re8
15. Bb5 Bd7 16. O-O Ne4 17. Nxe4 Bxb5 18. Rfe1 Nd3 19. Nd6 Nxe1 20. Nxe8 Nxf3+
21. gxf3 Qxe8 22. Qxd5 Bc6 23. Qd6 Rd8 24. Qc5 Rd5 25. Qxa7 Rxe5 26. Kg2 Rg5+
27. Kf1 Bxf3 28. Qe3 Qb5+ 29. Ke1 Re5 30. Kd2 Rxe3 31. fxe3 Qxb2+ 32. Kd3 b5
33. Rg1 f5 34. Rg3 Be2# 0-1

[Event "Barcelona Catalunya op 26th"]
[Site "Barcelona"]
[Date "2014.11.01"]
[Round "5"]
[White "Vazquez Gamero, Miguel"]
[Black "Atienza Roy, Jesus"]
[Result "1-0"]
[WhiteElo "2223"]
[BlackElo "2066"]
[PlyCount "65"]
[EventDate "2014.09.27"]
[EventType "swiss"]
[EventRounds "9"]
[EventCountry "ESP"]
[SourceTitle "OM OTB B 201907"]
[Source "Opening Master"]
[SourceDate "2019.07.06"]
[SourceVersion "2"]
[SourceVersionDate "2019.07.06"]
[SourceQuality "1"]

1. e4 e5 2. Nf3 Nc6 3. c3 Nf6 4. d4 Nxe4 5. d5 Bc5 6. dxc6 Nxf2 7. Qd5 Bb6 8.
Rg1 dxc6 9. Qxd8+ Kxd8 10. Bc4 f6 11. Rf1 Ng4 12. h3 Ne3 13. Bxe3 Bxe3 14. Nbd2
Ke7 15. Ke2 Bxd2 16. Nxd2 Be6 17. Bxe6 Kxe6 18. Ne4 b6 19. Rad1 Rad8 20. Ke3
Rd5 21. c4 Rxd1 22. Rxd1 c5 23. Rd3 Ke7 24. Nc3 c6 25. Ke4 Rd8 26. Rxd8 Kxd8
27. g4 Ke7 28. Ne2 Ke6 29. Ng3 g6 30. b3 Kd6 31. g5 f5+ 32. Nxf5+ gxf5+ 33.
Kxf5 1-0

[Event "Novo Mesto op"]
[Site "Novo Mesto"]
[Date "2014.10.31"]
[Round "3"]
[White "Jaksa, Cvetko"]
[Black "Stevanic, David"]
[Result "0-1"]
[WhiteElo "1972"]
[BlackElo "1858"]
[PlyCount "104"]
[EventDate "2014.10.31"]
[EventType "swiss"]
[EventRounds "9"]
[EventCountry "SLO"]
[SourceTitle "OM OTB B 201907"]
[Source "Opening Master"]
[SourceDate "2019.07.06"]
[SourceVersion "2"]
[SourceVersionDate "2019.07.06"]
[SourceQuality "1"]

1. e4 e5 2. Nf3 Nc6 3. c3 Nf6 4. d4 exd4 5. e5 Ne4 6. cxd4 Bb4+ 7. Nbd2 Nxd2 8.
Bxd2 Bxd2+ 9. Qxd2 d5 10. Bb5 Bd7 11. O-O O-O 12. a4 a5 13. Rfe1 Nb4 14. Bf1
Bf5 15. Rac1 Qd7 16. b3 Rac8 17. Re3 c6 18. Nh4 Bg6 19. Rg3 Qe7 20. Rg4 c5 21.
f4 cxd4 22. f5 Rxc1 23. Qxc1 Qxe5 24. fxg6 hxg6 25. Kf2 Re8 26. Bb5 Qe3+ 27.
Qxe3 dxe3+ 28. Ke2 Re7 29. Rd4 Rc7 30. Rd1 Rc3 31. Rb1 d4 32. Rb2 Nd5 33. g3
Rc1 34. Kf3 Nc3 35. Bd3 Rd1 36. Be4 Nxe4 37. Kxe4 Rd2 38. Rb1 e2 39. Re1 d3 40.
Ke3 Rd1 41. Nf3 Kf8 42. g4 Ke7 43. h4 Kd6 44. Kf2 Kc5 45. h5 Kb4 46. Ne5 Kc3
47. Nxd3 Kxd3 48. Rxe2 Rd2 49. Rxd2+ Kxd2 50. Kf3 gxh5 51. gxh5 Kd3 52. Kf4 Kd4
0-1

[Event "ZN-2014-0-02843"]
[Site "Lechenicher SchachServer"]
[Date "2014.10.28"]
[Round "?"]
[White "Hendershot, Paul"]
[Black "Bossler, Andreas"]
[Result "0-1"]
[WhiteElo "575"]
[BlackElo "1021"]
[PlyCount "26"]
[EventDate "2014.10.19"]

1. e4 e5 2. Nf3 Nc6 3. c3 Nf6 4. Bd3 Bc5 5. Qb3 d5 6. Ng5 Ng4 7. exd5 Qxg5 8.
Qd1 Bxf2+ 9. Kf1 Ne7 10. Be2 O-O 11. Bxg4 Bxg4 12. Qc2 Qf4 13. d3 Be3+ 0-1

[Event "Santa Cruz de Tenerife Autumn op"]
[Site "Santa Cruz de Tenerife"]
[Date "2014.10.27"]
[Round "1"]
[White "Diaz Reyes, Franklin"]
[Black "Thoene, Ruediger"]
[Result "0-1"]
[WhiteElo "1299"]
[BlackElo "1974"]
[PlyCount "36"]
[EventDate "2014.10.27"]
[EventType "swiss"]
[EventRounds "9"]
[EventCountry "ESP"]
[SourceTitle "CBM 163 Extra"]
[Source "ChessBase"]
[SourceDate "2014.12.23"]
[SourceVersion "1"]
[SourceVersionDate "2014.12.23"]
[SourceQuality "1"]

1. e4 e5 2. Nf3 Nc6 3. c3 Nf6 4. d4 exd4 5. e5 Ne4 6. cxd4 Bb4+ 7. Nbd2 d6 8.
Bd3 Bf5 9. a3 Nxd2 10. axb4 Bxd3 11. Qxd2 Bb5 12. Qc3 O-O 13. Bf4 dxe5 14. dxe5
Qd5 15. Qc5 Qe4+ 16. Be3 Qd3 17. Ng1 Rad8 18. Qc3 Qf1# 0-1

[Event "Sautron op 14th"]
[Site "Sautron"]
[Date "2014.10.26"]
[Round "6"]
[White "Roussel, Glenn"]
[Black "Crouan, Stephane"]
[Result "0-1"]
[WhiteElo "2002"]
[BlackElo "2176"]
[PlyCount "98"]
[EventDate "2014.10.26"]
[EventType "swiss"]
[EventRounds "9"]
[EventCountry "FRA"]
[SourceTitle "EXT 2016"]
[Source "ChessBase"]
[SourceDate "2015.10.10"]
[SourceVersion "1"]
[SourceVersionDate "2015.10.10"]
[SourceQuality "1"]

1. e4 e5 2. Nf3 Nc6 3. c3 d5 4. Qa4 f6 5. d3 Be6 6. Be3 Nge7 7. Be2 g6 8. Nbd2
Bg7 9. O-O O-O 10. Qc2 Kh8 11. Nb3 b6 12. Nfd2 g5 13. f3 Ng6 14. g4 a5 15. Rfd1
a4 16. Nc1 d4 17. Bf2 Rf7 18. c4 Nb4 19. Qb1 Bf8 20. a3 Nc6 21. Qc2 h5 22. h3
Nf4 23. Bf1 hxg4 24. hxg4 Rh7 25. Ne2 Qd7 26. Bg3 Bd6 27. Kf2 Kg7 28. Bg2 Na5
29. Rh1 Rxh1 30. Rxh1 b5 31. c5 Be7 32. Rc1 c6 33. Bxf4 gxf4 34. Ra1 Qa7 35.
Rc1 Qd7 36. Ra1 Nb7 37. Nc1 Nxc5 38. b4 axb3 39. Ncxb3 Na4 40. Rc1 Rc8 41. Nb1
c5 42. N3d2 c4 43. Bf1 c3 44. Nb3 Bd6 45. Be2 Qe7 46. Rh1 Bxa3 47. Nxa3 Qxa3
48. Rb1 Nb2 49. Na1 b4 0-1

[Event "5 min, rated"]
[Site "Engine Room"]
[Date "2014.10.25"]
[Round "?"]
[White "Pedrodamiano, SF-ExtMZ x64 AVX SS"]
[Black "JPN, SF-ExtMZ x64 SSE4.2"]
[Result "0-1"]
[WhiteElo "2502"]
[BlackElo "2585"]
[PlyCount "180"]
[EventDate "2014.10.31"]
[EventType "blitz"]
[SourceTitle "OM Portal C 201906"]
[Source "Opening Master"]
[SourceDate "2019.06.27"]
[SourceVersion "1"]
[SourceVersionDate "2019.06.27"]
[SourceQuality "1"]

1. e4 e5 2. Nf3 Nc6 3. c3 d5 4. Qa4 Bd7 5. exd5 Nd4 6. Qd1 Nxf3+ 7. Qxf3 Nf6 8.
Bc4 e4 9. Qe2 Bd6 10. d4 O-O 11. h3 Re8 12. a4 c6 13. dxc6 bxc6 14. Bg5 Rb8 15.
O-O Qa5 16. Bxf6 gxf6 17. d5 Kh8 18. Rd1 Rg8 19. Kh1 Rg7 20. Qxe4 Rxb2 21. Ra2
Rb8 22. f4 Qc5 23. Nd2 f5 24. Qd3 Bxf4 25. Nf3 f6 26. Qd4 Qxd4 27. Nxd4 cxd5
28. Bxd5 Be3 29. a5 f4 30. c4 Re7 31. Nc6 Bxc6 32. Bxc6 Rb4 33. Bd5 Kg7 34. a6
f5 35. Kh2 Rd7 36. Rc2 Rc7 37. Ra2 Rd7 38. Rc2 Bc5 39. Ra1 Kf6 40. Bf3 Rc7 41.
Be2 Rc6 42. Bf3 Rcb6 43. Rcc1 Bd4 44. Ra5 Rb1 45. Rxb1 Rxb1 46. g4 fxg3+ 47.
Kxg3 Rb3 48. Rd5 Be5+ 49. Kf2 Ra3 50. Rd7 h6 51. Bb7 Ra4 52. Ke2 Rxc4 53. Bd5
Rc2+ 54. Kd3 Rc3+ 55. Kd2 Rc5 56. Bh1 Bb8 57. Rb7 Rc8 58. Kd3 Kg5 59. Bd5 Rd8
60. Kc4 f4 61. Rf7 Rh8 62. Be6 Kh4 63. Kc5 Kg3 64. Rg7+ Kf2 65. Rf7 h5 66. Bf5
Rh6 67. Bc8 Kg3 68. Rg7+ Kh2 69. Rf7 Rg6 70. h4 Kg3 71. Rb7 Bd6+ 72. Kb5 f3 73.
Bf5 Rg4 74. Rxa7 Rd4 75. Rg7+ Kxh4 76. Rf7 f2 77. Bd3 Rxd3 78. Rxf2 Ra3 79. Rf7
Bb8 80. Kb6 Kg4 81. Rg7+ Kf5 82. Rf7+ Kg6 83. Rb7 Bg3 84. Re7 h4 85. Re2 Bb8
86. Re8 Rb3+ 87. Kc5 h3 88. Rh8 Kg7 89. Rh4 Ra3 90. Rg4+ Kf6 0-1

[Event "Friday Afternoon Blitz Engine Fini Tour"]
[Site "?"]
[Date "2014.10.24"]
[Round "12"]
[White "ocirema"]
[Black "DracoDaatson"]
[Result "1/2-1/2"]
[WhiteElo "2487"]
[BlackElo "2586"]
[PlyCount "61"]
[EventDate "2014.??.??"]
[SourceTitle "OM Portal C 201906"]
[Source "Opening Master"]
[SourceDate "2019.06.27"]
[SourceVersion "1"]
[SourceVersionDate "2019.06.27"]
[SourceQuality "1"]

1. e4 e5 2. Nf3 Nc6 3. c3 Nf6 4. d4 Nxe4 5. Bd3 d5 6. Nxe5 Nxe5 7. dxe5 Bc5 8.
O-O Bf5 9. Qe2 O-O 10. Nd2 Qe7 11. Nb3 Bg6 12. Nxc5 Nxc5 13. Bxg6 hxg6 14. f4
Ne4 15. Be3 Rad8 16. Rad1 b6 17. c4 c6 18. cxd5 cxd5 19. Qg4 Rc8 20. Rf3 Rc2
21. Rh3 Rxb2 22. f5 Nc3 23. fxg6 fxg6 24. Qxg6 Nxd1 25. Qh7+ Kf7 26. Qf5+ Ke8
27. Qc8+ Qd8 28. Qe6+ Qe7 29. Qc8+ Qd8 30. Qe6+ Qe7 31. Qc8+ 1/2-1/2

[Event "Thursday Night FIni tour 3+1 11 Rounds"]
[Site "?"]
[Date "2014.10.24"]
[Round "11"]
[White "ocirema"]
[Black "Thesicilian11"]
[Result "1/2-1/2"]
[WhiteElo "2509"]
[BlackElo "2509"]
[PlyCount "209"]
[EventDate "2014.??.??"]
[SourceTitle "OM Portal C 201906"]
[Source "Opening Master"]
[SourceDate "2019.06.27"]
[SourceVersion "1"]
[SourceVersionDate "2019.06.27"]
[SourceQuality "1"]

1. e4 e5 2. Nf3 Nc6 3. c3 d5 4. Qa4 Bd7 5. exd5 Nd4 6. Qd1 Nxf3+ 7. Qxf3 Nf6 8.
Bc4 b5 9. Bb3 e4 10. Qe2 Bd6 11. d4 O-O 12. Na3 Rb8 13. Nc2 Bg4 14. Qd2 a5 15.
Ne3 a4 16. Bc2 Bf4 17. h3 Bc8 18. O-O Re8 19. Qe2 Bxe3 20. Bxe3 Nxd5 21. Bd2
Qd6 22. Bxe4 Nf6 23. f3 Nxe4 24. fxe4 Qg6 25. Rae1 Bxh3 26. Qf2 c6 27. Bf4 Rbc8
28. a3 Bg4 29. Qg3 Ra8 30. Re3 h6 31. Rfe1 Rac8 32. Bd6 Re6 33. e5 Qh5 34. Rf1
Rg6 35. Qh2 Qg5 36. Qf4 Be6 37. Qxg5 Rxg5 38. Kh2 Rh5+ 39. Kg1 Bd5 40. Rf2 Re8
41. Rh3 Rg5 42. Kh2 Re6 43. Rg3 Rxg3 44. Kxg3 Rg6+ 45. Kh3 Rg5 46. Kh2 Rg4 47.
Kh3 Re4 48. Kh2 Re1 49. Bb4 Rb1 50. Rd2 g5 51. Kg3 f5 52. exf6 Kf7 53. Be7 Bc4
54. Kf3 Rg1 55. Bd8 h5 56. Ke4 Be6 57. Re2 Bg4 58. Rf2 Re1+ 59. Kd3 h4 60. c4
bxc4+ 61. Kxc4 Rc1+ 62. Kb4 Be6 63. Kxa4 g4 64. Re2 g3 65. b4 Rd1 66. Ka5 Rf1
67. b5 cxb5 68. Bc7 b4 69. Kxb4 Rf2 70. Re5 Rxg2 71. d5 Bh3 72. Re3 Kxf6 73.
Bd8+ Kf5 74. Bxh4 Rb2+ 75. Kc5 g2 76. Re1 Rc2+ 77. Kd6 Bg4 78. Bg3 Re2 79. Rb1
Bf3 80. Kc5 Be4 81. Rg1 Re3 82. Bf2 Rc3+ 83. Kd4 Rd3+ 84. Kc4 Rxd5 85. a4 Rd2
86. Bb6 Rb2 87. a5 Kf4 88. Ra1 Rc2+ 89. Kb3 Rc6 90. Bg1 Bd3 91. Kb4 Kg4 92. Ra2
Kf3 93. Ra1 Bf1 94. Ra3+ Ke4 95. Ra2 Rg6 96. Kc5 Kf3 97. Kd4 Ba6 98. Rf2+ Kg3
99. Ke5 Bd3 100. Rf7 Rg5+ 101. Kd4 Bf1 102. Ke4 Kg4 103. Rf4+ Kh5 104. Rf6 Rxa5
105. Rf5+ 1/2-1/2

[Event "Thursday Night FIni tour 3+1 11 Rounds"]
[Site "?"]
[Date "2014.10.24"]
[Round "9"]
[White "ocirema"]
[Black "incredible"]
[Result "1/2-1/2"]
[WhiteElo "2512"]
[BlackElo "2472"]
[PlyCount "63"]
[EventDate "2014.??.??"]
[SourceTitle "OM Portal C 201906"]
[Source "Opening Master"]
[SourceDate "2019.06.27"]
[SourceVersion "1"]
[SourceVersionDate "2019.06.27"]
[SourceQuality "1"]

1. e4 e5 2. Nf3 Nc6 3. c3 d5 4. Qa4 Bd7 5. exd5 Nd4 6. Qd1 Nxf3+ 7. Qxf3 Nf6 8.
Bc4 b5 9. Bb3 e4 10. Qe2 Bd6 11. d4 O-O 12. Na3 Rb8 13. Nc2 Bg4 14. Qd2 a5 15.
Ne3 Bf4 16. a4 bxa4 17. Bxa4 Nxd5 18. Qc2 Bc8 19. Bc6 Bxe3 20. fxe3 Rb6 21.
Bxd5 Qxd5 22. c4 Qh5 23. Bd2 Rf6 24. Bxa5 Qh4+ 25. g3 Qh5 26. Rf1 Rxf1+ 27.
Kxf1 Qf3+ 28. Qf2 Qh1+ 29. Qg1 Qf3+ 30. Qf2 Qh1+ 31. Qg1 Qf3+ 32. Qf2 1/2-1/2

[Event "Friday Afternoon Blitz Engine Fini Tour"]
[Site "?"]
[Date "2014.10.24"]
[Round "8"]
[White "ocirema"]
[Black "newton296"]
[Result "1/2-1/2"]
[WhiteElo "2500"]
[BlackElo "2542"]
[PlyCount "70"]
[EventDate "2014.??.??"]
[SourceTitle "OM Portal C 201906"]
[Source "Opening Master"]
[SourceDate "2019.06.27"]
[SourceVersion "1"]
[SourceVersionDate "2019.06.27"]
[SourceQuality "1"]

1. e4 e5 2. Nf3 Nc6 3. c3 d5 4. Qa4 Nf6 5. Nxe5 Bd6 6. Nxc6 bxc6 7. d3 O-O 8.
Nd2 Qe7 9. g3 a5 10. Bg2 Ba6 11. c4 dxe4 12. dxe4 Ng4 13. O-O Bc5 14. Nb3 Bb6
15. Bf4 g5 16. Bd2 Ne5 17. c5 Bxf1 18. Rxf1 Bxc5 19. Nxc5 Qxc5 20. Bxg5 Rab8
21. Be3 Qb5 22. Qc2 Qxb2 23. Qxb2 Rxb2 24. Bd4 Rb5 25. a4 Rd8 26. axb5 Rxd4 27.
bxc6 a4 28. f4 Nxc6 29. e5 Nb4 30. Ra1 Nc2 31. Ra2 Rd1+ 32. Kf2 Rd2+ 33. Kg1
Rd1+ 34. Kf2 Rd2+ 35. Kg1 Rd1+ 1/2-1/2

[Event "Friday Afternoon Blitz Engine Fini Tour"]
[Site "?"]
[Date "2014.10.24"]
[Round "3"]
[White "ocirema"]
[Black "CrazyHorse"]
[Result "1/2-1/2"]
[WhiteElo "2509"]
[BlackElo "2445"]
[PlyCount "109"]
[EventDate "2014.??.??"]
[SourceTitle "OM Portal C 201906"]
[Source "Opening Master"]
[SourceDate "2019.06.27"]
[SourceVersion "1"]
[SourceVersionDate "2019.06.27"]
[SourceQuality "1"]

1. e4 e5 2. Nf3 Nc6 3. c3 d5 4. Qa4 f6 5. d3 Be6 6. Be2 Nge7 7. O-O a6 8. Be3
Qd7 9. Nbd2 O-O-O 10. Nb3 Ng6 11. exd5 Bxd5 12. d4 Qe8 13. dxe5 Ngxe5 14. Nxe5
Qxe5 15. Rfe1 Bd6 16. g3 h5 17. Rad1 Qe4 18. Qxe4 Bxe4 19. Nd4 Nxd4 20. Bxd4
Bc2 21. Rc1 Bg6 22. h4 c6 23. Kg2 Rhe8 24. Be3 Bf7 25. b4 g6 26. a4 Re7 27. a5
Bd5+ 28. Bf3 Bf7 29. Red1 Red7 30. Bb6 Re8 31. Rd4 Bc7 32. Bxc7 Kxc7 33. Rxd7+
Kxd7 34. Rd1+ Kc7 35. g4 hxg4 36. Bxg4 Bd5+ 37. Kg3 Re4 38. Rd3 Re1 39. Bf3 Bb3
40. Re3 Rg1+ 41. Kf4 g5+ 42. hxg5 fxg5+ 43. Kf5 Rf1 44. Re7+ Kd6 45. Re2 Rc1
46. Rd2+ Kc7 47. Kxg5 Rxc3 48. Bd1 Bg8 49. Kf6 c5 50. bxc5 Rxc5 51. Rc2 Kd6 52.
Rxc5 Kxc5 53. f4 Kb4 54. Bf3 Kxa5 55. Bxb7 1/2-1/2

[Event "Thursday Afternoon Rapid Engine Fini To"]
[Site "?"]
[Date "2014.10.23"]
[Round "11"]
[White "ocirema"]
[Black "Murx"]
[Result "1/2-1/2"]
[WhiteElo "2524"]
[BlackElo "2568"]
[PlyCount "117"]
[EventDate "2014.??.??"]
[SourceTitle "OM Portal C 201906"]
[Source "Opening Master"]
[SourceDate "2019.06.27"]
[SourceVersion "1"]
[SourceVersionDate "2019.06.27"]
[SourceQuality "1"]

1. e4 e5 2. Nf3 Nc6 3. c3 Nf6 4. d4 exd4 5. e5 Nd5 6. Bc4 Nb6 7. Bb3 d6 8. O-O
dxc3 9. exd6 Bxd6 10. Re1+ Be7 11. Qxd8+ Nxd8 12. Nxc3 Ne6 13. a4 O-O 14. a5
Nd7 15. Bxe6 fxe6 16. Rxe6 Bd6 17. Nb5 Nc5 18. Re3 Bg4 19. Ne1 Rae8 20. Nxd6
cxd6 21. Rxe8 Rxe8 22. Be3 a6 23. b4 Ne4 24. Rc1 Nf6 25. Bf4 Rd8 26. f3 Be6 27.
Bg3 Ne8 28. Kf2 Kf7 29. Ke3 Rd7 30. Nd3 Nc7 31. Nf4 Nb5 32. Ne2 Re7 33. Kd3
Bf5+ 34. Kd2 g5 35. Bf2 g4 36. Bh4 Re5 37. Rf1 gxf3 38. Rxf3 Ke6 39. Nf4+ Kd7
40. Bf2 Nc7 41. Re3 Ne8 42. h3 Nf6 43. Be1 Bb1 44. g4 Ne4+ 45. Kc1 Ba2 46. Nd3
Re8 47. Nf2 Bd5 48. Kb2 Nxf2 49. Bxf2 Rf8 50. Bh4 Kc6 51. Bg3 Bg2 52. h4 Bd5
53. g5 Rf1 54. Rc3+ Kd7 55. Rd3 Ke6 56. Re3+ Kd7 57. Rd3 Ke6 58. Re3+ Kd7 59.
Rd3 1/2-1/2